Les 10 meilleurs passeurs en Ligue des Champions depuis 5 ans. - Statistiques

Statistiques générales
  • Ce quiz a été pris 244 fois
  • Le résultat moyen est 8 sur 10
Statistiques - réponses
Passes
Décisives
Joueurs Clubs % Correct
24 Kevin De Bruyne Man City
99%
14 Lionel Messi BarcaPSG
95%
22 Kylian Mbappe PSG
94%
15 Neymar PSG
90%
18 Angel Di Maria PSGJuve
78%
15 Vinicius Junior Real
74%
16 Leroy Sane Man CityBayern
69%
14 Raheem Sterling Man CityChelsea
68%
16 Joshua Kimmich Bayern
62%
14 Riyad Mahrez Man City
49%
Aucun quiz correspondant
Distribution des résultats
% des personnes avec chaque résultat
Percentile par nombre de réponses
Votre historique - résultats
Vous n’avez pas pris ce quiz